000 02119cam a22005534i 4500
003 PE-LiUPU
005 20250731173117.0
008 190716s2013 bo rb 000 0 spa d
020 _a9995482541
020 _a9789995482541
035 _a(Sirsi) a252315
040 _aPE-LiUPU
_bspa
_cPE-LiUPU
_erda
049 _aPRUA
082 0 4 _a286.73205
_bSEAT
_220
100 1 _aChoque, Efraín,
_eautor.
245 1 0 _aPaciencia :
_bvirtud de la esperanza cristiana. Un análisis temático y exegético de Santiago 5:7-11 /
_cEfraín Choque ; editores Teófilo Correa y Raúl Quiroga.
250 _aPrimera edición.
264 1 _aBolivia :
_Universidad Adventista de Bolivia,
_c2013.
300 _aix, 100 páginas :
_c21 centímetros.
336 _atext
_2rdacontent
337 _aunmediated
_2rdamedia
338 _avolume
_2rdacarrier
490 1 _aSerie de estudios avanzados en teología ;
_v3
504 _aBibliografía: páginas 97-100.
505 0 _aIntroducción -- Entorno de la epístola de Santiago -- Análisis literario de "paciencia" -- Exégesis de Santiago 5:7-11 -- Significado teológico de "paciencia".
526 _aSEG42
526 _aSEG41
526 _aSEG40
526 _aSEG39
526 _aP94
526 _aP87
526 _aP86
526 _aP85
526 _aP77
526 _aP76
526 _aP35
630 _aBiblia.
_pN.T
_pSantiago
_xpaciencia.
650 0 4 _aPaciencia
_xFidelidad.
650 0 4 _aPruebas
_xVida cristiana.
700 1 _aQuiroga, Raúl,
_eeditor.
700 1 _aCorrea, Teófilo,
_eeditor.
910 _adbm
_bjpc
_cjpc
_d20190716
942 _2ddc
_cBOOK
994 _aC0
_bPEPRU
596 _a1
999 _a286.73205 SEAT 3
_wDEWEY
_c31543
_i80400
_d31543
_f2021-11-11
_g3
_lCCODEBUL1
_mBUL
_p26.00
_q1
_r0
_sY
_tBOOK
_u2019-7-16
_xTEOLOGIA
_PP35
_0DONACION
_o.STAFF. Colección Teología
999 _a286.73205 SEAT 3
_wDEWEY
_c2
_i80401
_f2021-11-11
_g3
_lCCODEBUL1
_mBUL
_p26.00
_r0
_sY
_tBOOK
_u2019-7-16
_xTEOLOGIA
_PP35
_0DONACION
_o.STAFF. Colección Teología
980 _81
_gALBERTO SANCHEZ Responsable de Automatización